000 00305nam a2200109Ia 4500
008 221009s9999 xx 000 0 und d
082 _a020
100 _aPandey,Sujit Kumar
_980054
245 0 _aAdvanced Computer Application in Library and Information Scicence
260 _bShree Publication
942 _cBK
999 _c64962
_d64962